Curiosidades médicas : (Record no. 46352)
[ view plain ]
| 000 -LEADER | |
|---|---|
| campo de control de longitud fija | 01312nam a2200241 i 4500 |
| 001 - NÚMERO DE CONTROL | |
| campo de control | 46352 |
| 003 - IDENTIFICADOR DE NÚMERO DE CONTROL | |
| campo de control | ES-MaACL |
| 005 - FECHA Y HORA DE LA ÚLTIMA TRANSACCIÓN | |
| campo de control | 20250820063033.0 |
| 007 - CAMPO FIJO DE DESCRIPCIÓN FÍSICA--INFORMACIÓN GENERAL | |
| campo de control de longitud fija | t| |
| 008 - DATOS DE LONGITUD FIJA--INFORMACIÓN GENERAL | |
| campo de control de longitud fija | 030328s1886 sp ||||1| spa d |
| 100 1# - ENTRADA PRINCIPAL--NOMBRE DE PERSONA | |
| Nombre de persona | Comenge y Ferrer, Luis, |
| Fechas asociadas al nombre | 1854-1916 |
| 9 (RLIN) | 126554 |
| 245 10 - MENCIÓN DEL TÍTULO | |
| Título | Curiosidades médicas : |
| Resto del título | precedidas de un discurso sobre el florecimiento de la medicina española en el siglo XVI y su posterior decadencia / |
| Mención de responsabilidad, etc. | por Don Luis Comenge. |
| 260 ## - PUBLICACIÓN, DISTRIBUCIÓN, ETC. | |
| Lugar de publicación, distribución, etc. | Madrid : |
| Nombre del editor, distribuidor, etc. | [s.n.], |
| Fecha de publicación, distribución, etc. | 1886 ( |
| Fabricante | Tip. de Manuel Ginés Hernández) |
| 300 ## - DESCRIPCIÓN FÍSICA | |
| Extensión | 285 p., [2] h. pleg. ; |
| Dimensiones | 22 cm. |
| 505 8# - NOTA DE CONTENIDO CON FORMATO | |
| Nota de contenido con formato | Contiene: Bibliografía: Morejón y Chinchilla ; Pedro Bayro: sus obras ; Amato Lusitano ; Manuscritos médicos: facsímiles de documentos pertenecientes al doctor León, facsímil de un documento pertenecientes al doctor Villalba ; Ensayo de inoculación ; Villalobos ; Noticias bibliográficas ; Enfermedades de los reyes, y médicos de cámara ; Más noticias bibliográficas ; La rabia |
| 530 ## - NOTA DISPONIBLE DE FORMULARIO FÍSICO ADICIONAL | |
| Nota de formato físico adicional disponible | Disponible en formato digital. |
| 650 #4 - PUNTO DE ACCESO ADICIONAL DE MATERIA--TÉRMINO DE MATERIA | |
| Término de materia o nombre geográfico como elemento de entrada | Medicina- |
| Subdivisión de forma | Curiosidades. |
| 9 (RLIN) | 148883 |
| 650 #4 - PUNTO DE ACCESO ADICIONAL DE MATERIA--TÉRMINO DE MATERIA | |
| Término de materia o nombre geográfico como elemento de entrada | Medicina- |
| Subdivisión geográfica | España- |
| Subdivisión cronológica | S.XVI. |
| 9 (RLIN) | 148884 |
| 650 #4 - PUNTO DE ACCESO ADICIONAL DE MATERIA--TÉRMINO DE MATERIA | |
| Término de materia o nombre geográfico como elemento de entrada | Rabia. |
| 9 (RLIN) | 136800 |
| 852 ## - LOCALIZACIÓN | |
| Ubicación | ES-MaACL |
| Número de control de estantería | T-561-F-8 |
| 856 ## - LOCALIZACIÓN Y ACCESO ELECTRÓNICOS | |
| Identificador Uniforme de Recursos | <a href="https://archive.org/details/b28992088/page/n3/mode/2up ">https://archive.org/details/b28992088/page/n3/mode/2up </a> |
| Nota pública | Internet Archive |
| Estatus retirado | Estado de pérdida | Estado de daño | No para préstamo | Colección | Biblioteca de origen | Biblioteca actual | Ubicación en estantería | Fecha de adquisición | Fuente de adquisición | Total de préstamos | Signatura topográfica completa | Código de barras | Visto por última vez | Precio de reemplazo | Tipo de ítem Koha |
|---|---|---|---|---|---|---|---|---|---|---|---|---|---|---|---|
| Colección de folletos | Biblioteca del Ateneo de Madrid | Biblioteca del Ateneo de Madrid | Depósito folletos | 17/01/2008 | T-561-F-8 | 1048750 | 23/02/2023 | 23/02/2023 | Folleto |
